000
00278nam a22001217a 4500
008
170525b xxu||||| |||| 00| 0 eng d
041
_a
ger
080
_a
625.7.8
100
_a
26
101
_a
IM
245
_a
LEHRBUCH DER AUTOMATISIERUNGSTECHNIK
_c
BIRNSTIEL
942
_2
udc
_c
BK
999
_c
14230
_d
14230